000 00658nam a2200241 i 4500
001 bg
100 1 _aJANUSZ, Tadeusz
245 1 0 _aPodręczny słownik menedżera /
_cTadeusz Janusz, Lucyna Lewandowska.
250 _aWyd. 2 popr. i rozsz.
260 _aŁódź :
_bWydawnictwo "RES POLONA",
_c1992.
300 _a233 s. ;
_c21 cm.
650 9 _aPrzedsiębiorstwo
_xorganizacja
650 9 _aZarządzanie
655 _aEncyklopedie
700 1 _aLEWANDOWSKA, Lucyna
020 _a8385063110
040 _cBPK
041 0 _apol
080 _a658.1/.5(03)
920 _a83-85063-11-0
942 _cKS
008 s pl f |000 0 pol
999 _c52801
_d52801
856 _uhttp://koha.tu.koszalin.pl/cgi-bin/koha/opac-detail.pl?biblionumber=52801
_yKatalog online BPK